[Event "FRA-chT2 East 0708"]
[Site "France"]
[Date "2008.02.10"]
[Round "7.8"]
[White "Kuchly, Audrey"]
[Black "Carrere, Clement"]
[Result "1/2-1/2"]
[WhiteElo "1620"]
[BlackElo "1820"]
[PlyCount "177"]
[EventDate "2007.10.21"]
[EventType "team"]
[EventRounds "11"]
[EventCountry "FRA"]
[SourceTitle "EXT 2009"]
[Source "ChessBase"]
[SourceDate "2008.11.26"]
[SourceVersion "1"]
[SourceVersionDate "2008.11.26"]
[SourceQuality "1"]
[WhiteTeam "Saverne"]
[BlackTeam "Bischwiller II"]
[WhiteTeamCountry "FRA"]
[BlackTeamCountry "FRA"]

1. e4 Nf6 2. e5 Nd5 3. d4 d6 4. exd6 exd6 5. Bc4 Nb6 6. Bb3 Nc6 7. c3 Be7 8. Nf3 0-0 9. Nbd2 Be6 10. Bc2 Qd7 11. 0-0 d5 12. Re1 Bg4 13. Nf1 Bf5 14. Ng3 Bg6 15. Bf4 Rfe8 16. b3 Bd6 17. Rxe8+ Rxe8 18. Bxg6 hxg6 19. Bxd6 Qxd6 20. Qd2 f6 21. Qd3 Kf7 22. h3 Nd7 23. Qd2 b6 24. Re1 Rxe1+ 25. Qxe1 a5 26. Qb1 Na7 27. Nh4 f5 28. Nf3 Qe7 29. Qd3 c6 30. Kf1 Nb5 31. Ne2 Kf6 32. g3 Qe4 33. Qxe4 dxe4 34. Nd2 g5 35. a4 Nd6 36. Kg2 Ke6 37. c4 g6 38. Kf1 Nf6 39. Kg1 Nh5 40. Kh2 f4 41. g4 Nf6 42. Kg1 Nd7 43. Nc3 Nf6 44. Kf1 c5 45. dxc5 bxc5 46. Ke2 Ke5 47. Nb5 Nb7 48. Kd1 f3 49. Ke1 Kf4 50. Nf1 Nd7 51. Ne3 Nb8 52. Nc7 Nc6 53. Ne6+ Ke5 54. Nxg5 Nd6 55. Kd2 Nd4 56. Kc3 Kf4 57. h4 Ke5 58. Kb2 Ne2 59. Kc2 Nf4 60. Kd2 Ng2 61. h5 Kf6 62. Nh7+ Kg7 63. Ng5 Nf4 64. Nd5 Nd3 65. Ke3 gxh5 66. gxh5 Nc1 67. Nxe4 Nxe4 68. Kxe4 Nxb3 69. Kxf3 Nd2+ 70. Kg4 Nxc4 71. Kg5 Ne5 72. h6+ Kh7 73. Nf6+ Kh8 74. h7 c4 75. Nd5 Kxh7 76. f4 Nf7+ 77. Kf6 Nd6 78. Ke6 Ne4 79. f5 c3 80. Nxc3 Nxc3 81. f6 Kg8 82. Ke7 Nd5+ 83. Ke6 Nxf6 84. Kxf6 Kf8 85. Ke6 Ke8 86. Kd6 Kd8 87. Kc6 Kc8 88. Kb6 Kb8 89. Kxa5 1/2-1/2